000 00590nam a2200193Ia 4500
008 240729s9999 xx 000 0 und d
022 _a2579-2008
245 0 _aSri Lanka Journal of Psychiatry
260 _aSri Lanka
260 _bSri Lanka College of Psychiatrists
650 _a Internal medicine
650 _a Neurology. Diseases of the nervous system
650 _a Neurosciences. Biological psychiatry. Neuropsychiatry
650 _a Psychiatry
650 _aMedicine
856 _uhttps://doaj.org/toc/33dfe53a7d9242c6b86cef4eb1ce9ece
942 _2ddc
942 _cDOAJEJ
999 _c70065
_d70065
945 _a1
_bMadushi Gamage
_c1
_dMadushi Gamage